000 00492 a2200169 4500
003 OSt
005 20231220140633.0
008 231220b |||||||| |||| 00| 0 eng d
020 _a9789350723470
040 _coclc
082 _a891.432
_bTEN/S
100 _aTendulkar, Vijay
_95430
245 _aSAVDHAN DULHE KI TALASH HAI /
_cVijay Tendulkar
260 _aNew Delhi:
_bVani Prakashan,
_c2016.
300 _a102p
942 _2ddc
_cBK
_h891.432
_iTEN/S
_k891.432
_mTEN/S
999 _c43515
_d43515